Little Countries - Statistics

General Stats
  • This quiz has been taken 36 times
  • The average score is 5 of 6
Answer Stats
hints Answer % Correct
Europe Andorra
100%
Europe Monaco
97%
Europe Vatican City
97%
Europe San Marino
91%
Europe Luxembourg
89%
Europe Liechenstien
6%
No matching quizzes found
Score Distribution
Percent of People with Each Score
Percentile by Number Answered
Your Score History
You have not taken this quiz